000 00443nam a2200181Ia 4500
001 3054
005 20260306144852.0
008 260306t2004||||xx |||||||||||||| ||spa||
041 _aESP
082 _a248
_bT44
100 _aBorges Teixeira, Evilazio Francisco
_eAUT
245 0 _aEspiritualidade e qualidade de vida
260 _c2004
300 _a224 páginas :
_c21 cm.
650 _aGEN
654 _aCHU
942 _cLIB
_dJUS
_fJUS
_2ddc
_n
999 _c3054
_d3054